Torah, Neviʼim Ketuvim meforashim / (Record no. 31243)

MARC details
000 -LEADER
fixed length control field 00690cam a22002291 4500
001 - CONTROL NUMBER
control field he 65001070
003 - CONTROL NUMBER IDENTIFIER
control field DLC
005 - DATE AND TIME OF LATEST TRANSACTION
control field 20260227111432.0
008 - FIXED-LENGTH DATA ELEMENTS--GENERAL INFORMATION
fixed length control field 841205s1964 is 000 0 heb
010 ## - LIBRARY OF CONGRESS CONTROL NUMBER
LC control number he 65001070
035 ## - SYSTEM CONTROL NUMBER
System control number (OCoLC)19194222
040 ## - CATALOGING SOURCE
Original cataloging agency DLC
Transcribing agency MH
Modifying agency CU
-- DLC
042 ## - AUTHENTICATION CODE
Authentication code premarc
050 00 - LIBRARY OF CONGRESS CALL NUMBER
Classification number BS715 1964
130 0# - MAIN ENTRY--UNIFORM TITLE
Uniform title Bible.
Name of part/section of a work Old Testament.
Language of a work Hebrew.
Date of a work 1964.
245 10 - TITLE STATEMENT
Title Torah, Neviʼim Ketuvim meforashim /
Statement of responsibility, etc. [et ha-perush katav: Shelomoh Zalman Ariʼel...]
260 ## - PUBLICATION, DISTRIBUTION, ETC.
Place of publication, distribution, etc. [Tel Aviv] :
Name of publisher, distributor, etc. ʻAdi,
Date of publication, distribution, etc. [1964]
300 ## - PHYSICAL DESCRIPTION
Extent 2 v. (1359 p.) ;
Dimensions 19 cm.
630 00 - SUBJECT ADDED ENTRY--UNIFORM TITLE
Uniform title Bible.
Name of part/section of a work Old Testament
General subdivision Commentaries.
700 1# - ADDED ENTRY--PERSONAL NAME
Personal name Ariel, S. Z.,
Dates associated with a name 1895-
752 ## - ADDED ENTRY--HIERARCHICAL PLACE NAME
Country or larger entity Israel
City Tel Aviv

No items available.

Powered by Koha